000 00509nam a2200193Ia 4500
005 20250508153112.0
008 008 250505s9999 xx 000 0 eng d
037 _aTextual
040 _aFEDL
_beng
_cFEDL
041 _aeng
_2eng
084 _a550, RON
_qFEDL
100 _aRonan Colin A
245 0 _aEarth from pole to pole
260 _aLondon, UK
_bGeorge G Harrap and Co Ltd.
300 _a74p
490 _aFocus on science
942 _cTEXL
_h550, RON
999 _c1340695
_d1340695